00797cam a22002537a 4500003000500000005001700005008004100022010001000063011001000073020001500083035001000098040000900108110005400117245007900171260007000250300001000320410004400330490002800374500001500402650002200417650003200439810004400471830002800515CHAP20220329142632.0020628d1991 mx r 00110 spa d a85945 a86917 a9688056812 a97457 cCHAP2 aComisión Nacional de Derechos Humanos. México10aReglamento internode la CNDHc/por Comisión Nacional de Derechos Humanos aMéxico, D. F. :bComisión Nacional de Derechos Humanos,c1991 a67 p.21aComisión Nacional de Derechos Humanos 0aSerie folletosv1991/15 aBilingüe14aDerechos humanos.14aDerechos humanosxMéxico.00aComisión Nacional de Derechos Humanos00aSerie folletosv1991/15